| 000 | 00639nam a22001337a 4500 | ||
|---|---|---|---|
| 040 | _cRUA | ||
| 082 | _aAGR MEN 2009 B039 Or.1 | ||
| 100 | _aMENG RITHEA | ||
| 245 | _aarthropod pests and natural enemies on cashiew tree in chheung prey district, kampong cham province(ប្រភេទសត្វល្អិតលើដំណាំស្វាយចន្ទី ក្នុងស្រុកជើងព្រៃ ខេត្តកំពង់ចាម) | ||
| 260 |
_aPhnom Penh _bRUA _c2009 |
||
| 300 |
_axi, 57p. _bill. _c29cm. |
||
| 856 | _uhttps://drive.google.com/file/d/1cF0jlS7oiPnhZGc49E_ILKR8aBterQFF/view?usp=sharing | ||
| 942 | _cAGR | ||
| 999 |
_c915 _d915 |
||